Devinez la Capitale Mystère #149 - Statistiques

Statistiques générales
  • Ce quiz a été pris 114 fois
  • Le résultat moyen est 29 sur 37
Statistiques - réponses
Type de Réponse Réponse % Correct
Lettre Trouvée A
100%
Lettre de l'Alphabet R
100%
Lettre de l'Alphabet I
99%
Lettre de l'Alphabet S
99%
Lettre Trouvée E
98%
Lettre Trouvée N
98%
Lettre Trouvée O
98%
Lettre de l'Alphabet L
96%
Lettre Trouvée P
96%
Lettre de l'Alphabet T
95%
Lettre de l'Alphabet D
93%
Lettre de l'Alphabet M
93%
Lettre de l'Alphabet B
92%
Lettre Bien Placée O
90%
Lettre Trouvée U
89%
Lettre Trouvée G
88%
Lettre Trouvée C
84%
Lettre de l'Alphabet K
81%
Lettre Trouvée H
80%
Lettre de l'Alphabet W
80%
Lettre de l'Alphabet V
77%
Lettre de l'Alphabet Y
76%
Lettre Bien Placée A
72%
Lettre Bien Placée C
66%
Lettre Bien Placée E
65%
Lettre Bien Placée N
65%
Lettre de l'Alphabet J
63%
Lettre de l'Alphabet X
63%
Lettre de l'Alphabet F
57%
Lettre de l'Alphabet Z
57%
Lettre Bien Placée E
55%
Lettre Bien Placée P
54%
Lettre de l'Alphabet Q
54%
Lettre Bien Placée U
54%
Lettre Bien Placée H
53%
Capitale Mystère Copenhague
52%
Lettre Bien Placée G
52%
Aucun quiz correspondant
Distribution des résultats
% des personnes avec chaque résultat
Percentile par nombre de réponses
Votre historique - résultats
Vous n’avez pas pris ce quiz